Loading...
Research techniques in biological sciences
| Hovedforfatter: | |
|---|---|
| Format: | Printed Book |
| Udgivet: |
New Delhi, Anmol Publications
1990
|
| Fag: |
| LEADER | 004700000a22001570004500 | ||
|---|---|---|---|
| 020 | |a 81-7041-396-6 | ||
| 082 | |a 570.72 N0 | ||
| 100 | |a Sandhu, G S | ||
| 245 | |a Research techniques in biological sciences | ||
| 260 | |a New Delhi, Anmol Publications | ||
| 260 | |c 1990 | ||
| 465 | |a R 300 | ||
| 650 | |a Biology | ||
| 942 | |c BK | ||
| 999 | |c 3932 |d 3932 | ||
| 952 | |0 0 |1 0 |4 0 |6 570_720000000000000_N0 |7 0 |8 ENG |9 3724 |a MGUL |b MGUL |d 2013-07-16 |e R 300 |l 0 |o 570.72 N0 |p 11963 |r 2019-03-26 |w 2013-07-16 |y BK | ||